Central Library OPAC University of Rajshahi

Affinity Chromatography / (Record no. 72613)

MARC details
000 -LEADER
fixed length control field 00624nam a2200217 a 4500
001 - CONTROL NUMBER
control field 72613
003 - CONTROL NUMBER IDENTIFIER
rucl marc code BD-RjUL
005 - DATE AND TIME OF LATEST TRANSACTION
control field 20211209082304.0
008 - FIXED-LENGTH DATA ELEMENTS--GENERAL INFORMATION
fixed length control field 170521s190? sw a 001 0 eng d
035 ## - SYSTEM CONTROL NUMBER
System control number (BD-RjUL)72831
040 ## - CATALOGING SOURCE
Original cataloging agency BD-RjUL
Language of cataloging eng
Transcribing agency BD-RjUL
041 ## - LANGUAGE CODE
Language code of text/sound track or separate title eng
082 ## - DEWEY DECIMAL CLASSIFICATION NUMBER
Edition number 23
Classification number 543.8
Author mark and year AFF 190?
245 10 - TITLE STATEMENT
Title Affinity Chromatography /
Statement of responsibility, etc. Pharmacia Fine Chemicals
260 ## - PUBLICATION, DISTRIBUTION, ETC. (IMPRINT)
Place of publication, distribution, etc. Uppsala, Sweden :
Name of publisher, distributor, etc. Pharmacia Fine Chemicals,
Date of publication, distribution, etc. [190?]
300 ## - PHYSICAL DESCRIPTION
Pagination p. 112 :
Illustrations ill. ;
Size 23 cm
500 ## - GENERAL NOTE
General note Includes index
650 #0 - SUBJECT ADDED ENTRY--TOPICAL TERM
Topical term or geographic name as entry element Chromatography
9 (RLIN) 214784
710 2# - ADDED ENTRY--CORPORATE NAME
Corporate name or jurisdiction name as entry element Pharmacia Fine Chemicals AB.
9 (RLIN) 214785
942 ## - ADDED ENTRY ELEMENTS (KOHA)
Source of classification or shelving scheme Dewey Decimal Classification
Koha item type Books
Holdings
Lost status Source of classification or shelving scheme Damaged status Not for loan Collection code Permanent Location Current Location Shelving location Date acquired Source of acquisition Cost, normal purchase price Total Checkouts Full call number Date last seen Copy number Koha item type
  Dewey Decimal Classification   Not For Loan Non-fiction Central Library, University of Rajshahi Central Library, University of Rajshahi Reading Room 01/01/1991 Canada 0.00   543.8 AFF 190? 21/05/2017 C-1 Books